La desaceleración de la economía mexicana /
Gorde:
| Egile nagusia: | |
|---|---|
| Formatua: | Texto |
| Gaiak: | |
| Etiketak: |
Etiketa erantsi
Etiketarik gabe, Izan zaitez lehena erregistro honi etiketa jartzen!
|
MARC
| LEADER | 00000 a a2200000 04500 | ||
|---|---|---|---|
| 001 | 45754 | ||
| 003 | |||
| 040 | |a CRAI/IIS |c CRAI/IIS | ||
| 100 | |a Zepeda Martínez, Mario | ||
| 245 | |a La desaceleración de la economía mexicana / |c Mario Zepeda Martínez | ||
| 650 | |a ECONOMIA | ||
| 650 | |a MEXICO | ||
| 773 | |g número62 (1992), p. 14-18 | ||
| 999 | |c 18440 |d 18440 | ||
